000 01000nam0a22003011 4500
001 RU\NLR\INFOCOMM_41\5000242412
005 20250613090004.0
010 _91438
_a5-02-022373-5
035 _a(NLR Aleph) 009048394
090 _a9567637
_c9567637
100 _a20080830d1989 |||y0rusy50 ca
101 1 _aeng
_crus
102 _aRU
105 _aa z 000zy
200 1 _aBiophysical insights into cancer
_fInal Akoev
_g[transl. from Russ. by A. Parnakh]
210 _aМ.
_cNauka
_d1989
215 _a114 с.
_cил.
_d21 см
300 _aВ вып. дан. на вклейке: Биофизика познает рак / Акоев Инал Георгиевич
320 _aБиблиогр.: с. 112-114
517 1 _aБиофизика познает рак
686 _aР562.1-2я9
_2rubbk
700 1 _aAkoev
_bI. G.
_gInal Georgievič
_4070
801 1 _aRU
_bNLR
_c20080830
801 0 _aRU
_bNLR
_gPSBO
852 _aNLR
_jМд41 Д-3/184
942 _cBOOK
980 _aNB